Carta del Bachiller de Arcadia y respuesta del Capitán Salazar / (Record no. 81513)

MARC details
000 -LEADER
campo de control de longitud fija 01144nam a2200217 i 4500
001 - NÚMERO DE CONTROL
campo de control 81513
003 - IDENTIFICADOR DE NÚMERO DE CONTROL
campo de control ES-MaACL
005 - FECHA Y HORA DE LA ÚLTIMA TRANSACCIÓN
campo de control 20250607063023.0
007 - CAMPO FIJO DE DESCRIPCIÓN FÍSICA--INFORMACIÓN GENERAL
campo de control de longitud fija t|
008 - DATOS DE LONGITUD FIJA--INFORMACIÓN GENERAL
campo de control de longitud fija 041104s1913 sp ||||1| spa d
100 1# - ENTRADA PRINCIPAL--NOMBRE DE PERSONA
Nombre de persona Hurtado de Mendoza, Diego,
Fechas asociadas al nombre 1503-1575
9 (RLIN) 149494
245 10 - MENCIÓN DEL TÍTULO
Título Carta del Bachiller de Arcadia y respuesta del Capitán Salazar /
Mención de responsabilidad, etc. [atribuídas a Diego Hurtado de Mendoza ; edición crítica con introducción y notas por Lucas de Torre].
260 ## - PUBLICACIÓN, DISTRIBUCIÓN, ETC.
Lugar de publicación, distribución, etc. Madrid :
Nombre del editor, distribuidor, etc. [s,.n.],
Fecha de publicación, distribución, etc. 1913 (
Fabricante Tip. de la "Revista de Archivos, Bibl. y Museos")
300 ## - DESCRIPCIÓN FÍSICA
Extensión 44 p. ;
Dimensiones 24 cm.
500 ## - NOTA GENERAL
Nota general En port: "De la Revista de Archivos, Bibliotecas y Museos"
500 ## - NOTA GENERAL
Nota general El texto de los dos ejemplares es idéntico, difieren en la cubierta. El ejemplar T-1360-F-1 figura la mención de responsabilidad reproducida entre corchetes. En ambos ejemplares, precede al título, el nombre del autor de la edición crítica como Lucas de Torres.
700 1# - ENTRADA AGREGADA--NOMBRE PERSONAL
Nombre de persona Torre, Lucas de.
9 (RLIN) 110748
852 ## - LOCALIZACIÓN
Ubicación ES-MaACL
Número de control de estantería T-1360-F-1
Nota libre Ded. manuscrita del autor
852 ## - LOCALIZACIÓN
Ubicación ES-MaACL
Número de control de estantería T-1398-F-1
Nota libre .- Ded. manuscrita del autor
Holdings
Estatus retirado Estado de pérdida Estado de daño No para préstamo Colección Biblioteca de origen Biblioteca actual Ubicación en estantería Fecha de adquisición Fuente de adquisición Total de préstamos Signatura topográfica completa Código de barras Visto por última vez Precio de reemplazo Tipo de ítem Koha
        Colección de folletos Biblioteca del Ateneo de Madrid Biblioteca del Ateneo de Madrid Depósito folletos 25/04/2013     T-1398-F-1 1191098 23/02/2023 23/02/2023 Folleto
        Colección de folletos Biblioteca del Ateneo de Madrid Biblioteca del Ateneo de Madrid Depósito folletos 17/01/2008     T-1360-F-1 1085206 23/02/2023 23/02/2023 Folleto